[Event "World Junior Girls 2015"]
[Site "Khanty-Mansiysk RUS"]
[Date "2015.09.07"]
[Round "6.11"]
[White "Utiatskaja, Irina"]
[Black "Aulia, Medina Warda"]
[Result "0-1"]
[WhiteTitle "WFM"]
[BlackTitle "WGM"]
[WhiteElo "2201"]
[BlackElo "2417"]
[WhiteFideId "24140848"]
[BlackFideId "7101570"]
[EventDate "2015.09.02"]

1. e4 e6 2. d4 d5 3. Nc3 Bb4 4. e5 Ne7 5. a3 Bxc3+ 6. bxc3 b6 7. Qg4 Ng6 8. h4
h5 9. Qd1 c5 10. Bb5+ Bd7 11. Be2 Ba4 12. Bxh5 Nxh4 13. Kf1 Nf5 14. g4 Ne7 15.
Bxf7+ Kxf7 16. Qf3+ Kg8 17. Rxh8+ Kxh8 18. Nh3 Ng6 19. Ng5 Qe8 20. Qh3+ Kg8 21.
f4 Nf8 22. Be3 cxd4 23. cxd4 Qc6 24. Kg2 Qxc2+ 25. Bf2 Nh7 26. Qh5 Nxg5 27. fxg5
Qh7 28. Rc1 Nc6 29. g6 Qxh5 30. gxh5 Rf8 31. Be3 Rf5 32. h6 gxh6 33. Bxh6 Rh5 0-1

[Event "World Junior Girls 2015"]
[Site "Khanty-Mansiysk RUS"]
[Date "2015.09.07"]
[Round "6.12"]
[White "Kusenkova, Natallia"]
[Black "Pratyusha, Bodda"]
[Result "1-0"]
[BlackTitle "WIM"]
[WhiteElo "2155"]
[BlackElo "2326"]
[WhiteFideId "13506501"]
[BlackFideId "5000629"]
[EventDate "2015.09.02"]

1. d4 d5 2. Nf3 Nf6 3. g3 c6 4. Bg2 Bg4 5. Ne5 Bf5 6. c4 e6 7. O-O Nbd7 8. Nc3
Be7 9. Qb3 Qb6 10. Nxd7 Kxd7 11. cxd5 exd5 12. Qa4 Rad8 13. Bf4 Qb4 14. Qd1 Qxb2
15. Rc1 Ba3 16. e4 dxe4 17. Na4 Qb4 18. Rb1 Qc4 19. Rxb7+ Ke6 20. Be5 Ng4 21.
Bxe4 Bxe4 22. Qxg4+ Bf5 23. Qxg7 Bg6 24. Qf6+ Kd5 25. Qf3+ 1-0

[Event "World Junior Girls 2015"]
[Site "Khanty-Mansiysk RUS"]
[Date "2015.09.07"]
[Round "6.13"]
[White "Fataliyeva, Ulviyya"]
[Black "Sviridova, Vlada"]
[Result "0-1"]
[WhiteTitle "WIM"]
[BlackTitle "WFM"]
[WhiteElo "2301"]
[BlackElo "2125"]
[WhiteFideId "13403052"]
[BlackFideId "24109606"]
[EventDate "2015.09.02"]

1. e4 e6 2. Qe2 c5 3. Nf3 Nc6 4. g3 g6 5. Bg2 Bg7 6. O-O Nge7 7. c3 d6 8. d3 O-O
9. Be3 e5 10. a3 a5 11. a4 b6 12. Na3 d5 13. exd5 Nxd5 14. Bg5 f6 15. Bc1 Bb7
16. Rd1 Re8 17. Nd2 Qd7 18. Ndc4 Nce7 19. Nb5 Nf5 20. Be4 Bf8 21. Qf3 Rab8 22.
h4 Bc6 23. h5 Nde7 24. hxg6 hxg6 25. Qg4 Red8 26. Bd2 Bg7 27. Bxc6 Qxc6 28. Qe4
Rd7 29. Be1 Nh6 30. Qxc6 Nxc6 31. Kf1 f5 32. Ke2 Ng4 33. Ra3 Nf6 34. Rb3 Nd5 35.
Nba3 Kf7 36. Bd2 Rdd8 37. f4 exf4 38. Bxf4 Nxf4+ 39. gxf4 Ne7 40. Rxb6 Nd5 41.
Rxb8 Rxb8 42. Kf3 Bh6 43. d4 cxd4 44. Rxd4 Nxf4 45. Rd7+ Kf6 46. Rh7 Bg5 47. Ra7
Ne6 48. Rxa5 Bc1 49. Rb5 Rh8 50. Rb6 g5 51. Nb5 Rh2 52. Rxe6+ Kxe6 53. a5 g4+
54. Kg3 Rh3+ 55. Kg2 f4 56. a6 f3+ 57. Kf2 Rh2+ 58. Kf1 Kf5 59. a7 Kf4 60. Kg1
Rg2+ 61. Kf1 Rh2 62. Kg1 Rg2+ 63. Kf1 Rh2 64. Kg1 Rh8 65. Nc7 Be3+ 66. Nxe3 Kxe3
67. Nd5+ Ke2 68. Nf4+ Ke1 69. Nd3+ Ke2 70. Nf4+ Ke3 71. Nd5+ Ke4 72. Nf6+ Kf4
73. Nh5+ Ke3 74. b4 Ra8 0-1

[Event "World Junior Girls 2015"]
[Site "Khanty-Mansiysk RUS"]
[Date "2015.09.07"]
[Round "6.14"]
[White "Wozniak, Mariola"]
[Black "Assaubayeva, Bibissara"]
[Result "1-0"]
[WhiteTitle "WCM"]
[BlackTitle "WFM"]
[WhiteElo "2198"]
[BlackElo "2241"]
[WhiteFideId "1152050"]
[BlackFideId "13708694"]
[EventDate "2015.09.02"]

1. e4 c5 2. Nf3 d6 3. d4 cxd4 4. Nxd4 Nf6 5. Nc3 a6 6. Be2 e5 7. Nb3 Be7 8. O-O
O-O 9. Be3 Be6 10. Qd3 Nbd7 11. Nd5 Bxd5 12. exd5 Rc8 13. c4 Ne8 14. Nd2 f5 15.
f3 f4 16. Bf2 Bh4 17. g3 Be7 18. b4 Ndf6 19. a4 fxg3 20. hxg3 g6 21. a5 Ng7 22.
Rfb1 Qd7 23. b5 Nf5 24. Bd1 Nd4 25. bxa6 bxa6 26. Kg2 Bd8 27. Bxd4 exd4 28. Nb3
Nh5 29. f4 Ng7 30. Nxd4 Bf6 31. Ra3 Bxd4 32. Qxd4 Nf5 33. Qd3 Qg7 34. Bg4 Qc7
35. Rb6 Rb8 36. Bxf5 Rxf5 37. Rab3 Rff8 38. c5 Rxb6 39. cxb6 Qc5 40. b7 Qc7 41.
Qc3 Qe7 42. b8=Q Qe2+ 43. Kg1 Qd1+ 44. Kf2 1-0

[Event "World Junior Girls 2015"]
[Site "Khanty-Mansiysk RUS"]
[Date "2015.09.07"]
[Round "6.15"]
[White "Osmanodja, Filiz"]
[Black "Vasova, Maria"]
[Result "1-0"]
[WhiteTitle "WIM"]
[WhiteElo "2309"]
[BlackElo "2069"]
[WhiteFideId "24633569"]
[BlackFideId "2900955"]
[EventDate "2015.09.02"]

1. e4 c6 2. d4 d5 3. Nc3 g6 4. h3 Bg7 5. Nf3 Nh6 6. Bd3 O-O 7. O-O f6 8. Ne2 Nf7
9. exd5 cxd5 10. c4 Nc6 11. a3 f5 12. cxd5 Qxd5 13. Qc2 Nd6 14. Nf4 Qf7 15. Be3
Bf6 16. Qc5 Bd7 17. Bb1 Kh8 18. Ne5 Qe8 19. Nd5 b6 20. Nxf6 Rxf6 21. Qd5 Rc8 22.
Bg5 Rf8 23. Nxc6 Rxc6 24. Qe5+ Kg8 25. Ba2+ e6 26. Bh6 Rf7 27. d5 Nc4 28. Bxc4
Rxc4 29. Rae1 Rc5 30. b4 Rxd5 31. Qc3 Qc8 32. Qg3 Rd4 33. Rc1 Qe8 34. Rfe1 Bc8
35. Qe5 Rd8 36. Bg5 Rd3 37. Qb8 Bd7 38. Qxe8+ Bxe8 39. Rc8 Rf8 40. Bh6 Rd6 41.
Ra8 a6 42. Rc1 Rd7 43. Rcc8 Re7 44. Bg5 Kf7 45. Bxe7 Kxe7 46. Ra7+ Kf6 47. Rxa6
b5 48. Raa8 Ke7 49. f4 h6 50. h4 g5 51. hxg5 hxg5 52. fxg5 e5 53. g6 e4 54. g7
Rg8 55. Rxe8+ 1-0

[Event "World Junior Girls 2015"]
[Site "Khanty-Mansiysk RUS"]
[Date "2015.09.07"]
[Round "6.17"]
[White "Ivanova, Karina"]
[Black "Bengtsson, Jessica"]
[Result "1/2-1/2"]
[WhiteTitle "WFM"]
[WhiteElo "2177"]
[BlackElo "2056"]
[WhiteFideId "24139750"]
[BlackFideId "1711083"]
[EventDate "2015.09.02"]

1. d4 d5 2. c4 e6 3. Nc3 Be7 4. cxd5 exd5 5. Bf4 Nf6 6. e3 Bf5 7. Qb3 Nc6 8. a3
Na5 9. Qa4+ c6 10. b4 Nc4 11. b5 Nb2 12. Qb3 Nd3+ 13. Bxd3 Bxd3 14. bxc6 bxc6
15. Nge2 Qb6 16. Qd1 Qa6 17. O-O O-O 18. Re1 Ne4 19. f3 Nd6 20. Nc1 Bc4 21. Qa4
Rfe8 22. Qxa6 Bxa6 23. N1a2 Nc4 24. Nb4 Bb7 25. Nc2 g5 26. Bg3 c5 27. Nb5 Rad8
28. Nxa7 Ra8 29. Nb5 Ra5 30. Nc3 Rea8 31. a4 Bc6 32. Ra2 Bf6 33. Bc7 R5a7 34.
Bg3 Ra5 35. Bc7 R5a7 36. Bg3 Ra5 1/2-1/2

[Event "World Junior Girls 2015"]
[Site "Khanty-Mansiysk RUS"]
[Date "2015.09.07"]
[Round "6.18"]
[White "Hoare, Amy B"]
[Black "Amrayeva, Aytan"]
[Result "0-1"]
[BlackTitle "WCM"]
[WhiteElo "2088"]
[BlackElo "2145"]
[WhiteFideId "418366"]
[BlackFideId "13405101"]
[EventDate "2015.09.02"]

1. e4 e6 2. d4 d5 3. e5 c5 4. c3 Nc6 5. Nf3 Qb6 6. Be2 Bd7 7. O-O Rc8 8. a3 cxd4
9. cxd4 Nh6 10. Nc3 Na5 11. b4 Rxc3 12. bxa5 Qb3 13. Qe1 Rc7 14. a4 Bb4 15. Bd2
Bxd2 16. Qxd2 Qc2 17. Rfc1 Qxd2 18. Nxd2 Kd8 19. a6 b6 20. a5 bxa5 21. Nb3 a4
22. Na5 Rxc1+ 23. Rxc1 Nf5 24. Rd1 Ke7 25. g4 Nh4 26. Rc1 Rb8 27. Nb7 Rc8 28.
Nc5 a3 29. Ra1 Rb8 30. Nb7 Bc6 31. Na5 Bd7 32. Nb7 Rc8 33. Nc5 Rb8 34. Nb7 Bc6
35. Na5 Kd7 36. Nxc6 Kxc6 37. Rxa3 Rb1+ 38. Bf1 Rb4 39. Rd3 Rxd4 40. Rc3+ Kb6
41. Rb3+ Ka5 42. Rb5+ Kxa6 43. Rxd5+ Kb6 44. Rxd4 Nf3+ 45. Kg2 Nxd4 46. f4 a5
47. Bc4 Kc5 48. Ba2 a4 49. Kf2 Nb3 50. Bb1 a3 51. f5 Nc1 52. fxe6 fxe6 53. Ke3
a2 0-1

[Event "World Junior Girls 2015"]
[Site "Khanty-Mansiysk RUS"]
[Date "2015.09.07"]
[Round "6.19"]
[White "Saranya, J"]
[Black "Sazonova, Anastasia"]
[Result "0-1"]
[WhiteTitle "WFM"]
[BlackTitle "WFM"]
[WhiteElo "2144"]
[BlackElo "2020"]
[WhiteFideId "5031931"]
[BlackFideId "24131008"]
[EventDate "2015.09.02"]

1. e4 c5 2. b3 d5 3. exd5 Qxd5 4. Bb2 Nf6 5. Nf3 Nc6 6. Nc3 Qd8 7. Bb5 Bd7 8.
O-O e6 9. Qe2 Be7 10. Rad1 Nd4 11. Nxd4 cxd4 12. Bxd7+ Qxd7 13. Nb5 Bc5 14. Qc4
Rc8 15. b4 Be7 16. Qd3 e5 17. Na3 e4 18. Qb3 O-O 19. Rfe1 Qd6 20. Nb5 Qxb4 21.
Qxb4 Bxb4 22. Nxd4 Rfd8 23. h3 Rc4 24. c3 Bc5 25. d3 exd3 26. Rxd3 h6 27. Kf1
Ra4 28. Ne6 Rc8 29. Nxc5 Rxc5 30. a3 Rc8 31. Rd4 Rxd4 32. cxd4 Rc2 33. Re2 Rxe2
34. Kxe2 Kf8 35. a4 g6 36. Bc1 h5 37. Kd3 Nd5 38. Kc4 Nb6+ 39. Kb5 Ke7 40. a5
Nd5 41. Ba3+ Ke6 42. Bc1 Nc3+ 43. Kc4 Nd5 44. g3 Kd6 45. Bg5 f6 46. Bh6 Kc6 47.
Bg7 b6 48. axb6 axb6 49. Bf8 b5+ 50. Kd3 Kd7 51. Bc5 Ke6 52. Ba3 f5 53. Bc5 Nc7
54. Bb6 Nd5 55. Bc5 Nf6 56. f3 Nd5 57. Bf8 Nc7 58. Bb4 Kd5 59. h4 Ne6 60. Bc3 g5
61. hxg5 Nxg5 62. f4 Ne4 63. Be1 Kc6 64. Kc2 Kd6 65. Kd3 Kd5 66. Bb4 Nxg3 67.
Be1 Ne4 68. Bh4 Nd6 69. Bf2 Ne8 70. Bh4 Nc7 71. Bf2 Ne6 72. Be3 h4 73. Bf2 Nxf4+
74. Ke3 h3 75. Bg1 Ne6 0-1

[Event "World Junior Girls 2015"]
[Site "Khanty-Mansiysk RUS"]
[Date "2015.09.07"]
[Round "6.20"]
[White "Leonardi, Caterina"]
[Black "Monnisha, G K"]
[Result "0-1"]
[BlackTitle "WFM"]
[WhiteElo "2080"]
[BlackElo "2004"]
[WhiteFideId "14601036"]
[BlackFideId "5009936"]
[EventDate "2015.09.02"]

1. d4 Nf6 2. c4 e6 3. Nf3 d5 4. Nc3 dxc4 5. e4 Bb4 6. Bg5 h6 7. Bxf6 Qxf6 8.
Bxc4 c5 9. O-O O-O 10. e5 Qd8 11. a3 Bxc3 12. bxc3 cxd4 13. cxd4 Nc6 14. Qd3 Qe7
15. Qe4 Rd8 16. Rfd1 Bd7 17. h4 Be8 18. h5 Rac8 19. Nh4 Qg5 20. Bd3 Nxd4 21.
Qh7+ Kf8 22. Ng6+ fxg6 23. Qh8+ Ke7 24. Qxg7+ Bf7 25. hxg6 Nf3+ 26. Kf1 Nxe5 27.
g3 Rg8 28. f4 Rxg7 29. fxg5 Bxg6 30. Bxg6 Rxg6 31. Rab1 b6 0-1

[Event "World Junior Girls 2015"]
[Site "Khanty-Mansiysk RUS"]
[Date "2015.09.07"]
[Round "6.21"]
[White "Voskresenskaya, Marta"]
[Black "Milosevic, Jovana"]
[Result "0-1"]
[BlackTitle "WFM"]
[WhiteElo "1703"]
[BlackElo "2117"]
[WhiteFideId "34127795"]
[BlackFideId "900427"]
[EventDate "2015.09.02"]

1. d4 d5 2. c4 c6 3. Nf3 Nf6 4. Qc2 e6 5. Bg5 Be7 6. cxd5 cxd5 7. Nc3 Nc6 8. a3
a6 9. e3 O-O 10. Bd3 h6 11. Bh4 Bd7 12. O-O Rc8 13. h3 b5 14. Bg3 Qb6 15. Qe2
Na5 16. Ne5 Nc4 17. Rfc1 Rfd8 18. Na2 Be8 19. a4 Nxe5 20. Bxe5 bxa4 21. Bxa6
Rxc1+ 22. Rxc1 Ra8 23. Bd3 Qb3 24. Nc3 a3 25. bxa3 Qxa3 26. Qd1 Rc8 27. Ne2 Rxc1
28. Nxc1 Ba4 29. Bc2 Bxc2 30. Qxc2 Qa5 31. Nd3 Qa1+ 32. Qc1 Qa6 33. Qc2 Qc4 34.
Qb1 Ne4 35. Nf4 Bh4 36. g3 Be7 37. Nh5 Qe2 38. g4 Qxf2+ 39. Kh1 f6 40. Bf4 Kf7
41. Qg1 g5 42. Qxf2 Nxf2+ 43. Kg2 Nd1 44. Bb8 Nxe3+ 45. Kf3 Nc2 46. Ba7 Bd6 47.
Ng3 Bxg3 48. Kxg3 e5 49. dxe5 fxe5 50. h4 gxh4+ 51. Kxh4 Kg6 52. Kg3 d4 53. Bb6
d3 54. Ba5 Nd4 0-1

[Event "World Junior Girls 2015"]
[Site "Khanty-Mansiysk RUS"]
[Date "2015.09.07"]
[Round "6.22"]
[White "Thomas, Anysia"]
[Black "Garifullina, Leya"]
[Result "1-0"]
[WhiteElo "2035"]
[BlackElo "1776"]
[WhiteFideId "670472"]
[BlackFideId "34127035"]
[EventDate "2015.09.02"]

1. d4 d5 2. c4 e6 3. Nc3 c6 4. e3 Nf6 5. Nf3 Nbd7 6. Qc2 Bd6 7. b3 O-O 8. Be2
Re8 9. O-O Qe7 10. Bb2 dxc4 11. bxc4 e5 12. g3 e4 13. Nh4 Nf8 14. Rfd1 Bd7 15.
Rab1 Rab8 16. a4 h6 17. Ba1 N8h7 18. d5 cxd5 19. cxd5 Rec8 20. Qa2 a6 21. a5 Qe8
22. Rb3 Rc7 23. Rdb1 Ng5 24. Bxa6 Rxc3 25. Bxc3 bxa6 26. Rxb8 Bxb8 27. Qb2 Bd6
28. Bxf6 gxf6 29. Qxf6 Qe5 30. Qd8+ Be8 31. Rc1 Nf3+ 32. Kg2 Nxh4+ 33. Qxh4 Kh7
34. Qd8 Qe7 35. Rc8 Qxd8 36. Rxd8 Bb5 37. Rxd6 Kg7 38. Rb6 1-0

[Event "World Junior Girls 2015"]
[Site "Khanty-Mansiysk RUS"]
[Date "2015.09.07"]
[Round "6.23"]
[White "Musaeva, Shakhnazi"]
[Black "Badamkhand, Norovsambuu"]
[Result "0-1"]
[WhiteElo "1586"]
[BlackElo "2001"]
[WhiteFideId "13801643"]
[BlackFideId "4901681"]
[EventDate "2015.09.02"]

1. e4 c6 2. d4 d5 3. e5 Bf5 4. h4 h6 5. g4 Bd7 6. Nc3 Qb6 7. a3 e6 8. Be3 c5 9.
dxc5 Bxc5 10. Bxc5 Qxc5 11. Nf3 Ne7 12. Qd2 Nbc6 13. O-O-O a6 14. Bd3 b5 15. g5
h5 16. Qe3 Qa7 17. Qxa7 Rxa7 18. Rhg1 g6 19. Rge1 Nc8 20. Kd2 Nb6 21. Ke2 Ke7
22. Kf1 Rb8 23. b3 Rc7 24. Ne2 Nc8 25. Nf4 a5 26. Rd2 b4 27. a4 Nb6 28. Ne2 Bc8
29. Ned4 Nxd4 30. Nxd4 Rc5 31. Nb5 Nd7 32. Nd6 Rb6 33. Nb5 Ba6 34. Nd4 Rc8 35.
Bxa6 Rxa6 36. Nb5 Rc5 37. Re3 Rac6 38. Nd4 Rc8 39. f3 Nb8 40. Ke2 Nd7 41. Kd1
Kf8 42. Rde2 Nb6 43. Rd2 Ke7 44. Ke1 Kd7 45. Kd1 Kc7 46. Rdd3 Nd7 47. Rd2 Kb6
48. Nb5 R8c6 49. Nd4 Rc3 50. Ree2 Rc8 51. Ke1 Nb8 52. Kf2 Nc6 53. Nb5 Rc5 54.
Ke1 Ne7 55. Nd6 Rf8 56. Re3 Nf5 57. Nxf5 gxf5 58. f4 Rfc8 59. Rg3 Rxc2 60. g6
Rc1+ 61. Ke2 fxg6 62. Rxg6 R8c6 63. Rh6 Rh1 64. Rxh5 Rcc1 65. Kf3 Rh3+ 66. Kg2
Rch1 67. Rf2 Rxh4 68. Rxh4 Rxh4 69. Kg3 Rg4+ 70. Kh2 d4 71. Rf3 Kc5 0-1

[Event "World Junior Girls 2015"]
[Site "Khanty-Mansiysk RUS"]
[Date "2015.09.07"]
[Round "6.24"]
[White "Barbier, Astrid"]
[Black "Drogovoz, Maria"]
[Result "0-1"]
[BlackTitle "WFM"]
[WhiteElo "1835"]
[BlackElo "1924"]
[WhiteFideId "200395"]
[BlackFideId "4176731"]
[EventDate "2015.09.02"]

1. e4 c5 2. Nc3 e6 3. f4 a6 4. Nge2 d5 5. exd5 exd5 6. d4 Nf6 7. g3 Bg4 8. Bg2
cxd4 9. Qxd4 Nc6 10. Qf2 Bb4 11. Bd2 O-O 12. O-O-O Re8 13. Bf3 Ne4 14. Nxe4 Bxf3
15. Qxf3 dxe4 16. Qg2 Qa5 17. Bxb4 Nxb4 18. a3 Rac8 19. Nc3 Rxc3 20. bxc3 Qxa3+
21. Kd2 e3+ 22. Ke2 Qxc3 23. Qxb7 Qxc2+ 24. Kf3 h5 25. Rdf1 e2 26. Re1 Qc3+ 27.
Kg2 Nd3 28. Qb1 Qc6+ 29. Kg1 Qf3 0-1

[Event "World Junior Girls 2015"]
[Site "Khanty-Mansiysk RUS"]
[Date "2015.09.08"]
[Round "7.1"]
[White "Mammadzada, Gunay"]
[Black "Abdumalik, Zhansaya"]
[Result "0-1"]
[WhiteTitle "WGM"]
[BlackTitle "WGM"]
[WhiteElo "2355"]
[BlackElo "2380"]
[WhiteFideId "13403729"]
[BlackFideId "13703544"]
[EventDate "2015.09.02"]

1. e4 e5 2. Nf3 Nc6 3. Bb5 Nf6 4. O-O Nxe4 5. Re1 Nd6 6. Nxe5 Be7 7. Bf1 Nxe5 8.
Rxe5 O-O 9. d4 Bf6 10. Re1 Re8 11. Rxe8+ Nxe8 12. d5 b6 13. Nd2 Qe7 14. g3 Bb7
15. Nc4 Nd6 16. Nxd6 Qxd6 17. Bg2 Re8 18. c3 a5 19. Bf4 Be5 20. Be3 Ba6 21. Qa4
g6 22. Re1 Bg7 23. Rd1 Be5 24. Re1 Bg7 25. Qd1 Re7 26. h4 f5 27. h5 Kf7 28. h6
Be5 29. Bg5 Bf6 30. Bxf6 Rxe1+ 31. Qxe1 Qxf6 32. f4 Qe7 33. Qf2 Qc5 34. Qxc5
bxc5 35. Kf2 a4 36. b3 axb3 37. axb3 Kf6 38. c4 d6 39. Bf3 Bc8 40. Kg2 Bd7 41.
Be2 Be8 42. Kf2 g5 43. Ke3 g4 44. Bd3 Bd7 45. Bf1 Kg6 46. Bg2 Kxh6 47. Ke2 Kg6
48. Ke3 Kf6 49. Ke2 Ke7 50. Ke3 Kd8 51. Kd2 Kc8 52. Kc3 Kb7 53. b4 cxb4+ 54.
Kxb4 Kb6 55. Bf1 c6 56. Be2 Bc8 57. Bd1 h5 58. dxc6 Kxc6 59. Be2 Kb6 60. Bd3 Bd7
61. Be2 Bc6 62. Bd3 Be4 63. Bf1 Kc6 64. Be2 h4 65. gxh4 g3 66. Bf1 Kd7 0-1

[Event "World Junior Girls 2015"]
[Site "Khanty-Mansiysk RUS"]
[Date "2015.09.08"]
[Round "7.2"]
[White "Saduakassova, Dinara"]
[Black "Bivol, Alina"]
[Result "1-0"]
[WhiteTitle "WGM"]
[BlackTitle "WIM"]
[WhiteElo "2409"]
[BlackElo "2321"]
[WhiteFideId "13700090"]
[BlackFideId "4100123"]
[EventDate "2015.09.02"]

1. d4 Nf6 2. Nf3 e6 3. c4 Bb4+ 4. Bd2 Qe7 5. g3 Bxd2+ 6. Qxd2 Nc6 7. b3 Ne4 8.
Qb2 O-O 9. Bg2 f5 10. O-O d6 11. d5 exd5 12. cxd5 Nb4 13. Rd1 Qf6 14. Qxf6 Rxf6
15. Ne1 a5 16. a3 Na6 17. b4 Bd7 18. f3 Ng5 19. Nc3 Re8 20. Nd3 Rff8 21. Rdb1 b6
22. Rb2 Re3 23. f4 Nf7 24. Kf2 Rfe8 25. Rc1 g5 26. Bf1 gxf4 27. gxf4 Nh8 28.
bxa5 bxa5 29. Rb7 Ng6 30. Ra7 Bc8 31. Nb5 R3e7 32. Rc6 Nb8 33. Rcxc7 Ba6 34.
Nxd6 Rxc7 35. Rxc7 Rd8 36. Nb7 Bxb7 37. Rxb7 Nd7 38. Bh3 Nf6 39. Bxf5 Nxd5 40.
Bxg6 hxg6 41. Ra7 Rf8 42. e3 Nf6 43. Kf3 Rd8 44. Ne5 Rd2 45. Rxa5 Rxh2 46. Ng4
Nxg4 47. Kxg4 Kf7 48. a4 Ra2 49. Ra6 Kg7 50. a5 Kf7 51. Ra8 Ra4 52. a6 Kg7 53.
a7 Kh7 54. e4 1-0

[Event "World Junior Girls 2015"]
[Site "Khanty-Mansiysk RUS"]
[Date "2015.09.08"]
[Round "7.3"]
[White "Buksa, Nataliya"]
[Black "Nguyen, Thi Thuy Trien"]
[Result "1-0"]
[WhiteTitle "WFM"]
[BlackTitle "WFM"]
[WhiteElo "2199"]
[BlackElo "1939"]
[WhiteFideId "14123622"]
[BlackFideId "12404179"]
[EventDate "2015.09.02"]

1. e4 d5 2. exd5 Nf6 3. d4 Bg4 4. f3 Bf5 5. g4 Bc8 6. c4 e6 7. Nc3 Bd6 8. Bg5 h6
9. Be3 exd5 10. c5 Be7 11. Bd3 b6 12. b4 a5 13. a3 axb4 14. axb4 Rxa1 15. Qxa1
bxc5 16. bxc5 Bxg4 17. fxg4 Nxg4 18. Bf4 Bh4+ 19. Kd2 Nf2 20. Nf3 Nxh1 21. Qxh1
O-O 22. Qg2 Kh8 23. Ne5 Nd7 24. Nxd7 Qxd7 25. Qxd5 Qg4 26. Qf5 Qg2+ 27. Ne2 g6
28. Qe4 Qf2 29. Bxc7 Qe1+ 30. Kc2 Bg5 31. Bf4 Bxf4 32. Qxf4 Ra8 33. Bc4 Ra7 34.
Qb8+ Kg7 35. Qxa7 Qf2 36. Qxf7+ 1-0

[Event "World Junior Girls 2015"]
[Site "Khanty-Mansiysk RUS"]
[Date "2015.09.08"]
[Round "7.4"]
[White "Ziaziulkina, Nastassia"]
[Black "Terbe, Julianna"]
[Result "1-0"]
[WhiteTitle "IM"]
[BlackTitle "WFM"]
[WhiteElo "2401"]
[BlackElo "2233"]
[WhiteFideId "13505211"]
[BlackFideId "708780"]
[EventDate "2015.09.02"]

1. e4 c5 2. Nf3 Nc6 3. d4 cxd4 4. Nxd4 Nf6 5. Nc3 e5 6. Ndb5 d6 7. Bg5 a6 8. Na3
b5 9. Nd5 Be7 10. Bxf6 Bxf6 11. c3 Ne7 12. Nxf6+ gxf6 13. Be2 f5 14. exf5 Bxf5
15. O-O O-O 16. Qd2 Kh8 17. c4 Rg8 18. Bf3 Rb8 19. Rad1 b4 20. Nc2 Bxc2 21. Qxc2
Qd7 22. Qd3 Nf5 23. Qe4 Nd4 24. Rxd4 exd4 25. Qxd4+ Rg7 26. c5 Rd8 27. Rd1 a5
28. cxd6 Kg8 29. Be4 Rg5 30. Qf6 Rc5 31. Qh6 f6 32. Qxf6 Rf8 33. Qd4 1-0

[Event "World Junior Girls 2015"]
[Site "Khanty-Mansiysk RUS"]
[Date "2015.09.08"]
[Round "7.5"]
[White "Ibrahimova, Sabina"]
[Black "Bayarmaa, Bayarjargal"]
[Result "1-0"]
[WhiteTitle "WIM"]
[BlackTitle "WFM"]
[WhiteElo "2215"]
[BlackElo "2265"]
[WhiteFideId "13403893"]
[BlackFideId "4900260"]
[EventDate "2015.09.02"]

1. e4 c5 2. Nf3 d6 3. d4 cxd4 4. Nxd4 Nf6 5. Nc3 a6 6. Qf3 Nbd7 7. Be2 Qb6 8.
Nb3 Ne5 9. Qg3 Qc6 10. f4 Nc4 11. Qd3 Nb6 12. O-O e5 13. a4 Be6 14. a5 Bc4 15.
Qf3 Bxe2 16. Qxe2 Nc4 17. Kh1 Be7 18. Nd2 Rc8 19. Nf3 O-O 20. fxe5 dxe5 21. Nh4
Rfe8 22. Nf5 Bd8 23. Bg5 Kh8 24. Rf3 Ng8 25. Bxd8 Rexd8 26. Nd5 Qe6 27. b3 Nd6
28. Nxd6 Rxd6 29. Raf1 f6 30. Rh3 Nh6 31. Nxf6 Rdc6 32. c4 Qe7 33. Nd5 Qc5 34.
Rhf3 Qxa5 35. Ne7 Qc5 36. Rf8+ Ng8 37. Nxc8 Rxc8 38. Rxc8 Qxc8 39. Qh5 Qe6 40.
Qf5 Qb6 41. h3 Qxb3 42. Qe6 Qa3 43. Rf7 h6 44. Qg6 Qc1+ 45. Kh2 Qg5 46. Qxg5
hxg5 47. Rxb7 Nf6 48. c5 Nxe4 49. c6 1-0

[Event "World Junior Girls 2015"]
[Site "Khanty-Mansiysk RUS"]
[Date "2015.09.08"]
[Round "7.6"]
[White "Navrotescu, Andreea-Cristiana"]
[Black "Michelle Catherina, P"]
[Result "1-0"]
[WhiteTitle "WFM"]
[BlackTitle "WIM"]
[WhiteElo "2263"]
[BlackElo "2259"]
[WhiteFideId "675946"]
[BlackFideId "5005736"]
[EventDate "2015.09.02"]

1. c4 e5 2. Nc3 Nf6 3. g3 Nc6 4. Bg2 Bb4 5. e4 Bxc3 6. bxc3 d6 7. Ne2 O-O 8. O-O
Re8 9. d3 h6 10. h3 a6 11. a4 Rb8 12. Be3 Bd7 13. f4 exf4 14. Nxf4 Ne5 15. Ne2
Ng6 16. Nd4 Re5 17. g4 Nh7 18. Nf5 Bxf5 19. gxf5 Ngf8 20. Kh2 Nd7 21. Rg1 Nhf6
22. Bf3 Kh7 23. Qd2 Re8 24. Rg2 Rg8 25. Rag1 c6 26. Qf2 Ne5 27. Be2 Ned7 28. Qh4
Ne8 29. Qh5 Qf6 30. d4 Qe7 31. Bd3 Ndf6 32. Qf3 b5 33. axb5 axb5 34. cxb5 cxb5
35. e5 dxe5 36. dxe5 Qc7 37. Bf4 Qxc3 38. exf6 Rd8 39. Qh5 Nxf6 40. Rxg7+ 1-0

[Event "World Junior Girls 2015"]
[Site "Khanty-Mansiysk RUS"]
[Date "2015.09.08"]
[Round "7.7"]
[White "Aulia, Medina Warda"]
[Black "Paredes Bustamante, Paula"]
[Result "0-1"]
[WhiteTitle "WGM"]
[BlackTitle "WFM"]
[WhiteElo "2417"]
[BlackElo "2156"]
[WhiteFideId "7101570"]
[BlackFideId "3804992"]
[EventDate "2015.09.02"]

1. e4 e5 2. Nf3 Nf6 3. Nc3 Bb4 4. Bc4 O-O 5. d3 d5 6. exd5 Nxd5 7. Bd2 Nxc3 8.
bxc3 Bd6 9. h3 Nc6 10. O-O Na5 11. Bb3 Nxb3 12. axb3 Re8 13. Re1 f6 14. c4 b6
15. Nh4 Bb7 16. Nf5 Bf8 17. Re3 Qd7 18. Qg4 Bc8 19. Nh6+ Kh8 20. Qf3 e4 21. dxe4
Qxd2 22. e5 Be6 23. Rd1 Qxc2 24. exf6 gxh6 25. f7 Bxf7 26. Rd7 Rxe3 27. fxe3 Re8
28. Qxf7 Qg6 29. Qf1 Bd6 30. Kh1 Kg8 0-1

[Event "World Junior Girls 2015"]
[Site "Khanty-Mansiysk RUS"]
[Date "2015.09.08"]
[Round "7.8"]
[White "Khomeriki, Nino"]
[Black "Wozniak, Mariola"]
[Result "1-0"]
[WhiteTitle "WFM"]
[BlackTitle "WCM"]
[WhiteElo "2296"]
[BlackElo "2198"]
[WhiteFideId "13603191"]
[BlackFideId "1152050"]
[EventDate "2015.09.02"]

1. d4 f5 2. Nc3 Nf6 3. Bg5 d5 4. Bxf6 exf6 5. e3 Be6 6. Bd3 Nc6 7. a3 Qd7 8.
Nge2 O-O-O 9. b4 Kb8 10. Nc1 Qf7 11. Nb3 h5 12. b5 Ne7 13. Nc5 Bc8 14. Qb1 g5
15. a4 Ng6 16. Ne2 f4 17. Qb3 Nh4 18. O-O-O fxe3 19. g3 Nf3 20. fxe3 Qe8 21. Kb2
Qxe3 22. Qc3 h4 23. Nb3 Bd6 24. a5 Rh6 25. b6 Rdh8 26. bxa7+ Kxa7 27. a6 b6 28.
Qc6 Qe6 29. Ka2 hxg3 30. Nc3 Kb8 31. Ra1 Ba3 32. a7+ Kxa7 33. Nb5+ 1-0